Piłkarz, siatkarz, koszykarz czy skoczek narciarski? #10 - Statystyki

Ogólne statystyki
  • Ten quiz został rozwiązany 58 razy
  • Średni wynik to 13 z 15
Statystyki odpowiedzi
Zagadnienie Odpowiedź % Poprawnych
Który sport uprawia Ousmane Dembélé? Piłka nożna
100%
Który sport uprawia Marcin Gortat? Koszykówka
98%
Który sport uprawia Joshua Kimmich? Piłka nożna
98%
Który sport uprawia Domen Prevc? Skoki narciarskie
98%
Który sport uprawia Federico Valverde? Piłka nożna
96%
Który sport uprawia Michał Kubiak? Siatkówka
96%
Który sport uprawia Raphinha? Piłka nożna
95%
Który sport uprawia Piotr Nowakowski? Siatkówka
93%
Który sport uprawia Andreas Wellinger? Skoki narciarskie
93%
Który sport uprawia Cole Palmer? Piłka nożna
91%
Który sport uprawia Michael Hayböck? Skoki narciarskie
91%
Który sport uprawia Jalen Brunson? Koszykówka
86%
Który sport uprawia Piotr Gruszka? Siatkówka
82%
Który sport uprawia Sigurd Pettersen? Skoki narciarskie
75%
Który sport uprawia David Smith? Siatkówka
46%
Nie znaleziono quizów pasujących do podanych kryteriów
Rozkład punktacji
Procent ludzi z każdym wynikiem
Percentyl według liczby udzielonych odpowiedzi
Twoja historia wyników
Nie rozwiązałeś tego quizu